Calculate with confidence

Textbook offers a step-by-step approach including ratio and proportion, formula, and dimensional analysis. Features a focus on key content, more than 200 drug labels, critical thinking, and more. CD-ROM contains additional problems

Gespeichert in:
Bibliographische Detailangaben
1. Verfasser: Morris, Deborah Gray
Format: Buch
Sprache:Undetermined
Veröffentlicht: London Mosby 2002
Schlagworte:
Tags: Tag hinzufügen
Keine Tags, Fügen Sie den ersten Tag hinzu!
Thư viện lưu trữ: Trung tâm Học liệu Trường Đại học Cần Thơ
LEADER 00807nam a2200205Ia 4500
001 CTU_213600
008 210402s9999 xx 000 0 und d
082 |a 615.4 
082 |b M875 
100 |a Morris, Deborah Gray 
245 0 |a Calculate with confidence 
245 0 |c Deborah Gray Morris 
260 |a London 
260 |b Mosby 
260 |c 2002 
520 |a Textbook offers a step-by-step approach including ratio and proportion, formula, and dimensional analysis. Features a focus on key content, more than 200 drug labels, critical thinking, and more. CD-ROM contains additional problems 
650 |a Pharmaceutical arithmetic,Nursing,Điều dưỡng,Dược số học 
650 |x Mathematics 
904 |i Tuyến 
980 |a Trung tâm Học liệu Trường Đại học Cần Thơ